01363nam a2200325 a 4500001001100000003000800011006001900019007001500038008004100053010001700094020002800111040002100139035002000160050002300180082001400203245014300217260004700360300002300407490006000430504006600490533015200556650004300708655002900751700002700780700002600807710001700833830004500850856012500895999001701020ebr5005075CaPaEBRm u cr cn|||||||||970924s1998 ctua sb 001 0 eng  z 97040854  z0313303231 (alk. paper) aCaPaEBRcCaPaEBR a(OCoLC)4979713714aZ678b.C757 1998eb04a025.122100aCreating the agile libraryh[electronic resource] :ba management guide for librarians /cedited by Lorraine J. Haricombe and T.J. Lusher. aWestport, Conn. :bGreenwood Press,c1998. axv, 122 p. :bill.1 aThe Greenwood library management collection,x0894-2986 aIncludes bibliographical references (p. [113]-114) and index. aElectronic reproduction.bPalo Alto, Calif. :cebrary,d2013.nAvailable via World Wide Web.nAccess may be limited to ebrary affiliated libraries. 0aLibrary administrationzUnited States. 7aElectronic books.2local1 aHaricombe, Lorraine J.1 aLusher, T. J.,d1963-2 aebrary, Inc. 0aGreenwood library management collection.40uhttp://site.ebrary.com/lib/rucke/Doc?id=5005075zAn electronic book accessible through the World Wide Web; click to view c16525d16525